Normal view
MARC view
- Abdul Sattar (00000273332)
Entry Personal Name
001 - CONTROL NUMBER
- control field: 116701
003 - CONTROL NUMBER IDENTIFIER
- control field: NUST
005 - DATE AND TIME OF LATEST TRANSACTION
- control field: 20230912170026.0
008 - FIXED-LENGTH DATA ELEMENTS
- fixed length control field: 230912|| aca||aabn | a|a d
040 ## - CATALOGING SOURCE
- Original cataloging agency: NUST
- Transcribing agency: NUST
100 ## - HEADING--PERSONAL NAME
- Personal name: Abdul Sattar (00000273332)
670 ## - SOURCE DATA FOUND
- Source citation: Work cat.: (NUST): Abdul Sattar (00000273332), Compositional Engineering of Environment Friendly Absorber Layer for Perovskite Solar Cells /, 2022
